000 00256nam a22001217a 4500
008 170911b xxu||||| |||| 00| 0 eng d
041 _aeng
080 _a91
100 _a42
101 _aGEO
245 _aOPTICAL MINEROLOGY
_cKER.P.F
942 _2udc
_cBK
999 _c27236
_d27236